|
|
|
|
| LEADER |
00000nam0a2200000 4500 |
| 001 |
106251 |
| 005 |
20231101214648.0 |
| 035 |
|
|
|a (RuTPU)RU\TPU\book\114650
|
| 090 |
|
|
|a 106251
|
| 100 |
|
|
|a 20061202d1958 m y0rusy50 ca
|
| 101 |
0 |
|
|a rus
|
| 102 |
|
|
|a RU
|
| 105 |
|
|
|a a j 000zy
|
| 200 |
1 |
|
|a Технология механической обработки
|e Сборник задач
|f А. А. Андерс
|
| 205 |
|
|
|a 2-е изд., перераб. и доп.
|
| 210 |
|
|
|a Москва
|c Машгиз
|d 1958
|
| 215 |
|
|
|a 351 с.
|c ил.
|
| 606 |
|
|
|a Металлообработка холодная резанием
|2 stltpush
|3 (RuTPU)RU\TPU\subj\42519
|9 62183
|
| 610 |
1 |
|
|a холодная обработка
|
| 610 |
1 |
|
|a задачи
|
| 610 |
1 |
|
|a механическая обработка
|
| 610 |
1 |
|
|a сборочные процессы
|
| 675 |
|
|
|a 621.9
|v 3
|
| 700 |
|
1 |
|a Андерс
|b А. А.
|g Александр Александрович
|
| 801 |
|
1 |
|a RU
|b 63413507
|c 20061202
|g PSBO
|
| 801 |
|
2 |
|a RU
|b 63413507
|c 20171003
|g PSBO
|
| 942 |
|
|
|c BK
|